00714 2200277 4500001002100000005001500021035002500036008004100061040001200102041000800114082000800122084001200130090001400142245002200156260003900178300002300217500006500240500001700305651001200322850001200334990001800346990001800364990001800382990001800400990001800418INLIS00000000003181120180813054237 a0010-101700000000489180813 0  aYOPDYOG0 adut a053 a053 Vol aL 053 Vol aVolkscredietwezen aBatavia :bVolkscredietbank,c1941 a... buku ;c24 cm. aYang diterima: April, Mei/Juni, November, Oktober tahun 1941 a29e Jaargang aBelanda aYOPDYOG a57863-PD/A.17 a57864-PD/A.17 a57865-PD/A.17 a58006-PD/A.17 a41438-PD/A.09